000 00562nam a2200205 a 4500
001 BRCA_7271
005 20190320205756.0
008 270112s1954----nyu#######---#000-0#eng-#
041 _aeng
044 _anyu
050 4 _aCT100
_b.W6 1954
245 1 0 _aWorld biography
260 _aNew York
_bInstitute for Research in Biography
_cc1954
300 _a1215 p.
_c27 cm.
500 _aP24
650 1 4 _aBiografías
_vPublicaciones periódicas
_918004
710 2 _aInstitute for Research in Biography, inc., New York
_918005
902 _aGFM
942 _2lcc
_cB
999 _c6951
_d6951